Tilastot visalle Veikkausliigajoukkueet

Klikkaa tästä pelataksesi tätä visaa!

Yleistilastot

  • Tätä visaa on pelattu 111 kertaa
    (39 viimeisimmän päivityksen jälkeen)
  • Keskiarvotulos 9 / 12

Vastaustilastot

PerustettuJoukkue% Oikein
1907HJK
96%
1990FC Inter
85%
1931Ilves
85%
1905Ekenäs IF
81%
1923KuPS
81%
1996FC Lahti
77%
2007SJK
77%
2002AC Oulu
73%
1924IF Gnistan
69%
1924VPS
69%
1934FC Haka
58%
1919IFK Mariehamn
42%

Tulosjakauma

Persentiili vastausten määrän mukaan

Jokaisen tuloksen saaneiden osuus

Tuloshistoriasi

Et ole pelannut tätä visaa sen viimeisimmän päivityksen jälkeen